00371nam a2200157Ia 45000010006000000050017000060080041000230410008000640820015000721000022000872450051001092600009001603000028001696500008001976540008002051018620260306161813.0260306t2013||||xx |||||||||||||| ||spa|| aESP a907.2bS42 aSerna, JustoeAUT 0aLa historia cultural:bautores, obras, lugares c2013 a252 páginas :c22 cm. aGEN aCHU